| 000 | 01170cam a2200349 a 4500 | ||
|---|---|---|---|
| 001 | 14288292 | ||
| 003 | OSt | ||
| 005 | 20140310181633.0 | ||
| 008 | 060306s2005 cou 001 0 eng d | ||
| 010 | _a 2006295459 | ||
| 020 | _a1562922181 | ||
| 035 | _a(OCoLC)ocm60764505 | ||
| 040 |
_aIG# _cIG# _dBAKER _dDLC |
||
| 042 | _alccopycat | ||
| 050 | 0 | 0 |
_aBV 4531.3 _b.B885 2005 |
| 082 | 0 | 0 |
_aTR 248.832 _bT77g 2005 |
| 100 | 1 |
_aBurns, Jim, _d1953- _91353 |
|
| 245 | 1 | 0 |
_aTruth unplugged : _breal anwsers for the tough questions teens ask / _cby Jim Burns. |
| 246 | 3 | 0 | _aReal answers for the tough questions teens ask |
| 260 |
_aColorado Springs, CO : _bHonor Books, _cc2005. |
||
| 300 |
_a253 p. ; _c22 cm. |
||
| 500 | _aIncludes index. | ||
| 521 |
_aTeachers Reference _bLexile |
||
| 526 | _c1210L to 1700L | ||
| 541 | _j1 | ||
| 562 | _eFor circulation. 1 copy in the collection | ||
| 650 | 0 |
_aTeenagers _xConduct of life. _91354 |
|
| 650 | 0 |
_aChristian teenagers _xReligious life. _91355 |
|
| 906 |
_a7 _bcbc _ccopycat _d2 _encip _f20 _gy-gencatlg |
||
| 942 |
_2lcc _cBK-TR _kTR |
||
| 999 |
_c574 _d574 |
||